00853nam a22002297a 4500999001900000005001700019010001300036020002600049035001300075037000900088082001200097100001700109245005200126260002900178270010200207300002600309500005000335650001300385650003100398942003100429952016300460 c178767d17876720210413111740.0 aB-739789 a9788189833329c225.00 aB-739789 bGift a320.533 aRenton, Dave aFascism:btheory and practice /cby Dave Renton aDelhibAakar Booksc2007 a28E Pocket 4, Mayur Vihar Phase 1, bDelhie110091k011-22795505l011-22795641maakarbooks@gmail.v avii,150p.c24cm(pbk ) aincludes bibliographical references and index aFascism. aFascism xHistory.zEurope adplcEN2ddcmRENh320.533 001040708NFICaLbLd2021-04-13eGift/Eng/05-04-2021g225.00l3m1o320.533 RENpB-739789r2025-10-14 00:00:00s2025-10-13t1v225.00w2021-04-13yENzGift